Footballer's Countries - Statistics

General Stats
  • This quiz has been taken 46 times
  • The average score is 8 of 9
Answer Stats
Hint Answer % Correct
Messi Argentina
98%
Neymar Jr Brazil
98%
Ronaldo Portugal
98%
Salah Egypt
96%
Kane England
93%
Lamine Yamal Spain
91%
Modric Croatia
89%
Pulisic USA
84%
Hakimi Morocco
80%
No matching quizzes found
Score Distribution
Percent of People with Each Score
Percentile by Number Answered
Your Score History
You have not taken this quiz